000 00305nam a22001337a 4500
008 170601b xxu||||| |||| 00| 0 eng d
020 _a039517810-X
041 _aeng
080 _24TH
_a94(7/8)
100 _a17
101 _aSHH
245 _aREADINGSIN AMERICAN HISTORY
_cCOTNER,R.C
942 _2udc
_cBK
999 _c15275
_d15275